000 00520nam a2200181Ia 4500
999 _c1366
_d1366
003 OSt
005 20200923143000.0
008 190216s9999||||xx |||||||||||||| ||und||
040 _coclc
082 _a576
_bPEL/M
100 _aPelczar, Michael J
_94891
245 0 _aMicrobiology /
_cMichael J Pelczar ; R D Reid ; E C S Chan
250 _a4th Ed.
260 _bTata Mcgrawhill Publishers,
_c1958.
_aNew Delhi:
300 _a952p
650 _aBotany
942 _cBK
_2ddc
_h576
_iPEL/M
_k576
_mPEL/M